Classement perpétuel de la Bundesliga - Statistiques

Statistiques générales
  • Ce quiz a été pris 192 fois
  • Le résultat moyen est 25 sur 58
Statistiques - réponses
Rang Championnat actuel Nombre de saison en Bundesliga Matchs Points Club % Correct
1 1ère division 60 2.044 4.149 Bayern Munich
98%
2 1ère division 58 1.968 3.199 Borussia Dortmund
98%
9 1ère division 46 1.568 2.510 Bayer 04 Leverkusen
90%
56 6ème division 1 34 21 Blau-Weiß 90 Berlin
84%
58 - 1 34 10 SC Tasmania 1900 Berlin (-1973)
84%
50 5ème division 2 68 49 Tennis Borussia Berlin
84%
57 4ème division 1 34 20 1. FC Lokomotive Leipzig
81%
26 1ère division 9 306 557 RB Leipzig
81%
4 1ère division 58 1.968 2.888 VfB Stuttgart
79%
6 1ère division 55 1.866 2.733 Hamburger SV
78%
8 2ème division 54 1.832 2.563 FC Schalke 04
76%
3 1ère division 60 2.036 3.015 SV Werder Bremen
75%
7 1ère division 56 1.900 2.595 Eintracht Francfort
73%
14 1ère division 28 952 1.321 VfL Wolfsburg
72%
5 1ère division 57 1.942 2.841 Borussia Mönchengladbach
71%
23 1ère division 19 646 815 1.FSV Mainz 05
66%
32 1ère division 6 204 283 1.FC Union Berlin
64%
10 1ère division 52 1.764 2.484 1.FC Köln
58%
53 4ème division 1 34 33 SC Fortuna Köln
58%
24 1ère division 17 578 760 TSG 1899 Hoffenheim
57%
18 1ère division 25 850 1.059 SC Fribourg
56%
15 2ème division 33 1.118 1.318 1.FC Nürnberg
49%
19 2ème division 25 854 1.024 Fortuna Düsseldorf
49%
12 2ème division 40 1.352 1.771 Hertha BSC
48%
30 1ère division 9 306 286 FC St. Pauli
46%
48 1ère division 2 68 71 1.FC Heidenheim 1846
41%
11 2ème division 44 1.492 2.094 1.FC Kaiserslautern
40%
39 2ème division 4 140 140 SG Dynamo Dresden
39%
27 1ère division 14 476 547 FC Augsburg
38%
13 2ème division 38 1.296 1.509 VfL Bochum
35%
16 2ème division 30 1.016 1.174 Hannover 96
34%
55 2ème division 1 34 25 Holstein Kiel
31%
29 3ème division 12 412 479 FC Hansa Rostock
29%
20 2ème division 24 812 953 Karlsruher SC
29%
22 3ème division 20 672 884 TSV 1860 München
29%
34 3ème division 7 238 262 Rot-Weiss Essen
28%
41 2ème division 5 170 134 SV Darmstadt 98
28%
25 2ème division 19 646 667 Arminia Bielefeld
25%
49 2ème division 2 68 51 SC Paderborn 07
25%
17 3ème division 28 948 1.147 MSV Duisburg
23%
35 3ème division 6 204 211 FC Energie Cottbus
21%
47 3ème division 2 68 72 FC Ingolstadt 04
21%
51 2ème division 2 68 39 SpVgg Greuther Fürth
21%
52 3ème division 1 34 35 SSV Ulm 1846
19%
36 3ème division 4 136 157 Alemannia Aachen
18%
54 2ème division 1 30 30 Preußen Münster
18%
31 3ème division 7 238 285 SV Waldhof Mannheim
15%
38 3ème division 5 166 144 1.FC Saarbrücken
14%
21 2ème division 21 706 903 Eintracht Braunschweig
14%
33 4ème division 7 238 282 Kickers Offenbach
12%
46 4ème division 2 72 77 Stuttgarter Kickers
11%
28 5ème division 14 476 543 KFC Uerdingen 05
9%
44 4ème division 3 102 90 FC 08 Homburg
7%
45 4ème division 2 68 79 SpVgg Unterhaching
7%
40 4ème division 4 136 139 Rot-Weiß Oberhausen
5%
37 5ème division 4 140 150 SG Wattenscheid 09
4%
43 6ème division 3 98 93 Borussia Neunkirchen
3%
42 4ème division 3 102 102 Wuppertaler SV
2%
Aucun quiz correspondant
Distribution des résultats
% des personnes avec chaque résultat
Percentile par nombre de réponses
Votre historique - résultats
Vous n’avez pas pris ce quiz